Biological nitrogen fixation technology for tropical agriculture : (Record no. 18399)

000 -LEADER
fixed length control field 00718nam a2200193Ia 4500
020 ## - INTERNATIONAL STANDARD BOOK NUMBER
ISBN 8489206228
040 ## - CATALOGING SOURCE
Transcribing agency AGL
082 ## - DEWEY DECIMAL CLASSIFICATION NUMBER
Classification number 589 CEN 1982 C143 Or.
245 00 - TITLE STATEMENT
Title Biological nitrogen fixation technology for tropical agriculture :
Remainder of title based on papers presented at a workshop held at the Centro Internacional de Agricultura Tropical, March 9-13, 1981 /
260 ## - PUBLICATION, DISTRIBUTION, ETC. (IMPRINT)
Place of publication Cali, Colombia :
Name of publisher Centro Internacional de Agricultura Tropical,
Year of publication 1982
300 ## - PHYSICAL DESCRIPTION
Number of Pages xv, 726 p. :
Other physical details ill. ;
Dimensions 24 cm
650 #0 - SUBJECT ADDED ENTRY--TOPICAL TERM
Topical Term Nitrogen
650 #0 - SUBJECT ADDED ENTRY--TOPICAL TERM
Topical Term Nitrogen-fixing microorganisms
650 #0 - SUBJECT ADDED ENTRY--TOPICAL TERM
Topical Term Agriculture
700 10 - ADDED ENTRY--PERSONAL NAME
Personal name Graham, Peter H
700 10 - ADDED ENTRY--PERSONAL NAME
Personal name Harris, Susan C
710 20 - ADDED ENTRY--CORPORATE NAME
Corporate name or jurisdiction name as entry element Centro Internacional de Agricultura Tropical
942 ## - ADDED ENTRY ELEMENTS (KOHA)
Koha item type ADB
952 ## - LOCATION AND ITEM INFORMATION (KOHA)
Withdrawn status [LOCAL, KOHA] 0
952 ## - LOCATION AND ITEM INFORMATION (KOHA)
Withdrawn status [LOCAL, KOHA] 0
Holdings
Source of acquisition Permanent Location Date acquired Koha item type Lost status Shelving location Current Location Full call number
A35592Library Block C2019-11-18ADB C143Library Block C589 CEN 1982 C143 Or.
 Library Block C2019-11-18ADB  Library Block C589 CEN 1982 C143 Or.
មជ្ឈមណ្ឌលឯការនៃសាកលវិទ្យាល័យភូមិន្ទកសិកម្មចំការដូង

Powered by Koha